00969nam a22002657a 450000500170000001000280001702000260004502000230007103500130009403500170010703500130012403700190013703700130015608200110016910000210018024500800020126000460028127000660032730000250039350000510041852001330046965000300060265000500063270000210068220180305155007.0 aBAC-EN21 ENG-111456 a9780198063551c450.00 a0198063555c450.00 aEN-94988 aB-587623-646 aB-664967 bUppal/Venadpl bDBAD/PUB a342.54 aBhargava, Rajeev aPolitics and ethics of the Indian constitution /cedited by Rajeev Bhargava aNew DelhibOxford University Pressc2014 aYMCA Library Building , Jai Shingh Road, bNew Delhi e110001 avi, 409p.c23cm(pbk) aIncludes bibliographical references and index. aContributed articles presented at a conference on the political philosophy of the Indian constitution held in Goa in Sept. 2001. aConstitutional lawzIndia aConstitutional lawxMoral and ethical aspects aBhargava, Rajeev